Контакторы пускатели и тепловые реле. 2002: справочник

Λεπτομέρειες βιβλιογραφικής εγγραφής
Συγγραφή απο Οργανισμό/Αρχή: Институт промышленного развития "Информэлектро"
Άλλοι συγγραφείς: Сагирова И. С. (составитель), Давыдова Т. Н., Галтеева Е. Ф.
Γλώσσα:Ρωσικά
Έκδοση: Москва, Информэлектро, 2002
Σειρά:Справочник
Θέματα:
Μορφή: Βιβλίο
KOHA link:https://koha.lib.tpu.ru/cgi-bin/koha/opac-detail.pl?biblionumber=102309

MARC

LEADER 00000nam0a2200000 4500
001 102309
005 20231031112945.0
010 |a 5780102147 
035 |a (RuTPU)RU\TPU\book\110323 
090 |a 102309 
100 |a 20060921d2002 m y0rusy50 ca 
101 0 |a rus 
102 |a RU 
105 |a a g 001zy 
200 1 |a Контакторы пускатели и тепловые реле. 2002  |e справочник  |f Институт промышленного развития "Информэлектро"; сост. И. С. Сагирова др. 
210 |a Москва  |c Информэлектро  |d 2002 
215 |a 212 с.  |c ил. 
225 1 |a Справочник 
320 |a Сведения об организациях-разработчиках и предприятиях изготовителях: с. 210-212 
610 1 |a контакторы 
610 1 |a пускатели 
610 1 |a тепловые реле 
610 1 |a справочники 
610 1 |a предприятия-изготовители 
610 1 |a разработчики 
610 1 |a справочники 
675 |a 621.316.53(035)  |v 3 
675 |a 621.316.71(035)  |v 3 
675 |a 621.316.925(035)  |v 3 
702 1 |a Сагирова  |b И. С.  |4 220 
702 1 |a Давыдова  |b Т. Н.  |4 220 
702 1 |a Галтеева  |b Е. Ф.  |4 220 
712 0 2 |a Институт промышленного развития "Информэлектро"  |2 stltpush  |3 (RuTPU)RU\TPU\col\3923 
801 1 |a RU  |b 63413507  |c 20060921  |g PSBO 
801 2 |a RU  |b 63413507  |c 20100818  |g RCR 
900 |a Основы теории электрических аппаратов 
942 |c BK